000
002100000a22000970004500
100
1
_a
Harbison, Joe
245
1
0
_a
Personas con sida
300
_a
Núm 6 (1990), Páginas 10
773
0
_t
Paso a paso
942
_c
ANA
999
_c
52072
_d
52072